| 000 | 00766nam a22002417a 4500 | ||
|---|---|---|---|
| 999 |
_c20272 _d20272 |
||
| 003 | AR-CdUCM | ||
| 008 | 190528b ||||| |||| 00| 0 spa d | ||
| 040 |
_aMUNICIPALIDAD PROVINCIAL DEL CUSCO _cBIBLIOTECA MUNICIPAL DEL CUSCO |
||
| 082 |
_a985.009 / _bP91 |
||
| 100 |
_aPuente Candamo, José Agustín de la _926531 |
||
| 245 | _aBartolomé Herrera / | ||
| 260 |
_aLima : _c1964. |
||
| 300 |
_a111 páginas ; _c20 cm. |
||
| 440 |
_aBiblioteca Hombres del Perú _n3 _942366 |
||
| 500 | _aSerie 3 | ||
| 505 | _aContenido: El estilo y la vocación -- El hombre de estado -- Visión del Perú... | ||
| 650 |
_aHéroes _91336 |
||
| 650 |
_aPerú _935 |
||
| 650 |
_aBiografías _9148 |
||
| 650 |
_aHistóricas _912339 |
||
| 942 |
_2ddc _cLIBROS |
||
| 945 | _aJavier | ||